00779nam a2200193Ia 4500008004100000020001500041050002500056100005900081240005100140245009700191260003500288300001900323490002500342505012300367650001600490650001900506650002200525700003800547120720s1983 sp 000 0 spa d a8425314895 aHF500.2 bD7718 1983 aDrucker, Peter F.d1909-2005eautorq(Peter Ferdinand)14aThe changing world of the executivelespañol13aEl cambiante mundo del directivo c / Peter F.. Drucker ; traducción José Antonio Bravo  aBarcelonab : Grijalboc, 1983 a317 páginas aEconomía y empresa aLa agenda del directivo El rendimiento de la empresa El sector no lucrativo El trabajo y el hombre El mundo en cambio 0aEJECUTIVOS  0aORGANIZACIÓN 0aADMINISTRACIÓN  aBravo, José Antonio etraductor